Sports Quiz

Random Sports or Soccer Quiz

Football Managers Former Clubs Quiz Stats

 Plays Quiz not verified by Sporcle

Score 0/81 Timer 10:00
0 Plays Today
% Correct
Arsenal
98.4%
Liverpool
95%
Liverpool
94.3%
Everton
94.3%
Manchester City
94.2%
Manchester United
94%
Chelsea
93.5%
Tottenham Hotspur
93.2%
Tottenham Hotspur
93.2%
Aston Villa
91.5%
Aston Villa
91.3%
Newcastle United
90.5%
Newcastle United
89.9%
Blackburn Rovers
88%
Fulham
87.8%
Fulham
87.8%
Stoke City
87.6%
Stoke City
87.6%
Blackburn Rovers
86.6%
West Ham United
86.2%
Birmingham City
85.8%
Celtic
84.8%
Swansea City
84.6%
Sunderland
84.2%
Sunderland
84.2%
Aberdeen
84.1%
Bolton Wanderers
83.6%
% Correct
Swansea City
83%
Celtic
82.9%
Internazionale
82.8%
Wigan Athletic
82.6%
Norwich City
82.4%
Rangers
82.1%
Portsmouth
81.4%
Portsmouth
81.4%
Portsmouth
81.4%
Norwich City
80.5%
Wolverhampton Wanderers
80.5%
West Bromwich Albion
80.4%
Southampton
80.3%
Porto
80%
Monaco
78.7%
West Ham United
78.4%
Burnley
76.6%
Queens Park Rangers
74.9%
Southampton
73.9%
Crystal Palace
72.6%
Sheffield United
68%
Ajax
64.9%
Leicester City
64.9%
Preston North End
63.9%
Reading
60.5%
AFC Bournemouth
60%
Charlton Athletic
58%
% Correct
Reading
54.6%
Watford
50.3%
Lazio
47.5%
Hibernian
45.5%
Nagoya Grampus Eight
36.4%
Hamburger SV
35%
St. Mirren
32.3%
Wycombe Wanderers
30.9%
Plymouth Argyle
30.8%
Wycombe Wanderers
30.7%
Colchester United
29.4%
Motherwell
29.2%
Millwall
28.7%
Plymouth Argyle
24.8%
Fiorentina
21.2%
Bristol City
21.1%
St. Johnstone
19.9%
Gillingham
19.6%
Academica
16.7%
East Stirlingshire
14.7%
Oldham Athletic
14%
Bury
12.4%
Nancy
11.2%
Udinese
10%
Copenhagen
7.9%
Viking
7.3%
Livingstone
6.6%

You're not logged in!

Compare scores with friends on all Sporcle quizzes.
OR
Log In

Sporcle TV

Today on Sporcle TV


Watch our educational content, quiz creation guides, and fun videos on Sporcle TV.

Show Comments

Extras

Top Quizzes Today


Score Distribution

Your Account Isn't Verified!

In order to create a playlist on Sporcle, you need to verify the email address you used during registration. Go to your Sporcle Settings to finish the process.

Report this User

Report this user for behavior that violates our Community Guidelines.

Details: